000 00276nam a2200109Ia 4500
001 1260240
005 20260417140328.0
008 260417s9999 xx 000 0 und d
020 _a9786256910775
245 0 _aBir Kelime Daha
_cCahit Zarifoğlu
260 _bKetebe Yayınları
999 _c1260240
_d1260240